000 00374nam a2200133Ia 4500
008 231229s2019 xx 000 0 und d
041 _aeng
082 _a346.5401308
_bCHA
100 _aCHATTERJEE (Ishita)
245 _aGender Justice and Feminist Jurisprudence
250 _a7th Rep.
260 _aAllahabad
_bCentral Law Publication Allahabad
_c2019
300 _av, 758
999 _c1055207
_d1055207